Central Library OPAC University of Rajshahi

The Kellys and the O'Kellys / (Record no. 19872)

MARC details
000 -LEADER
fixed length control field 01044nam a22003131 4500
001 - CONTROL NUMBER
control field 19872
003 - CONTROL NUMBER IDENTIFIER
rucl marc code BD-RjUL
005 - DATE AND TIME OF LATEST TRANSACTION
control field 20211209000505.0
008 - FIXED-LENGTH DATA ELEMENTS--GENERAL INFORMATION
fixed length control field 140226r19511848enk 000 1 eng
035 ## - SYSTEM CONTROL NUMBER
System control number (BD-RjUL)19933
System control number (OCoLC)283023
040 ## - CATALOGING SOURCE
Original cataloging agency DLC
Transcribing agency OMC
Modifying agency OCoLC
-- DLC
-- BD-RjUL
Language of cataloging eng
041 ## - LANGUAGE CODE
Language code of text/sound track or separate title eng
082 ## - DEWEY DECIMAL CLASSIFICATION NUMBER
Classification number 823.87
Author mark and year TRK 1951
100 1# - MAIN ENTRY--PERSONAL NAME
Personal name Trollope, Anthony,
Dates associated with a name 1815-1882.
9 (RLIN) 61029
245 14 - TITLE STATEMENT
Title The Kellys and the O'Kellys /
Statement of responsibility, etc. Anthony Trollope.
260 ## - PUBLICATION, DISTRIBUTION, ETC. (IMPRINT)
Place of publication, distribution, etc. London :
Name of publisher, distributor, etc. H. Milford, Oxford university press,
Date of publication, distribution, etc. 1951.
300 ## - PHYSICAL DESCRIPTION
Pagination 516 p. ;
Size 16 cm.
490 0# - SERIES STATEMENT
Series statement The World's classics, CCCXLI
500 ## - GENERAL NOTE
General note "ʻThe Kellys and the O'Kellys' was first published in 1848. In ʻThe World's classics' ... in 1929."
650 #0 - SUBJECT ADDED ENTRY--TOPICAL TERM
Topical term or geographic name as entry element Landlord and tenant
General subdivision Fiction.
9 (RLIN) 60377
Topical term or geographic name as entry element Land tenure
General subdivision Fiction.
9 (RLIN) 61030
Topical term or geographic name as entry element Landowners
General subdivision Fiction.
9 (RLIN) 61031
651 #0 - SUBJECT ADDED ENTRY--GEOGRAPHIC NAME
Geographic name Ireland
General subdivision Fiction.
9 (RLIN) 56376
942 ## - ADDED ENTRY ELEMENTS (KOHA)
Source of classification or shelving scheme Dewey Decimal Classification
Koha item type Books
Holdings
Lost status Source of classification or shelving scheme Damaged status Not for loan Collection code Permanent Location Current Location Shelving location Date acquired Source of acquisition Cost, normal purchase price Total Checkouts Full call number Date last seen Copy number Koha item type
  Dewey Decimal Classification   Not For Loan Fiction Central Library, University of Rajshahi Central Library, University of Rajshahi Reading Room 25/10/1954 O. U. P 3.60   823.87 TRK 1951 26/02/2014 C-1 Books